Statistics for Wards of Hamamatsu, Japan - Map Quiz

Click here to take the quiz!

General Stats

  • This quiz has been taken 14 times
  • The average score is 6 of 7

Answers on the Map

Answers color-coded by a green-red scale on the quiz's map according to % correct below.
 

Answer Stats

Ward% Correct
Higashi
100%
Kita
100%
Minami
100%
Nishi
100%
Naka
92%
Tenryu
69%
Hamakita
62%

Score Distribution

Percentile by Number Answered

Percent of People with Each Score

Your Score History

You have not taken this quiz